Library Banner

Christian mission and Islamic dawah in Malaysia/ (Record no. 101226)

MARC details
000 -LEADER
fixed length control field 00438nam a22001577a 4500
005 - DATE AND TIME OF LATEST TRANSACTION
control field 20180101121738.0
008 - FIXED-LENGTH DATA ELEMENTS--GENERAL INFORMATION
fixed length control field 180101b xxu||||| |||| 00| 0 eng d
020 ## - INTERNATIONAL STANDARD BOOK NUMBER
International Standard Book Number 96798401900
040 ## - CATALOGING SOURCE
Transcribing agency PK-LaUMT
082 ## - DEWEY DECIMAL CLASSIFICATION NUMBER
Classification number PKAC 297.7409595
Item number GHA-C
100 ## - MAIN ENTRY--PERSONAL NAME
Personal name Ghazali Basri
245 ## - TITLE STATEMENT
Title Christian mission and Islamic dawah in Malaysia/
Statement of responsibility, etc Ghazali Basri
260 ## - PUBLICATION, DISTRIBUTION, ETC. (IMPRINT)
Place of publication, distribution, etc Kuala Lumpur:
Name of publisher, distributor, etc Nurin enterprise,
Date of publication, distribution, etc 1990
300 ## - PHYSICAL DESCRIPTION
Extent 72 p.
942 ## - ADDED ENTRY ELEMENTS (KOHA)
Koha item type Books
Holdings
Withdrawn status Lost status Damaged status Home library Current library Date acquired Full call number Barcode Date last seen Price effective from Koha item type
      UMT Main Campus UMT Main Campus 2018-01-01 PKAC 297.7409595 GHA-C 117065 2018-01-01 2018-01-01 Books